[Event "TCh-CZE Div1 Zapad 2012-13"]
[Site "Czech Republic CZE"]
[Date "2012.11.11"]
[Round "2.8"]
[White "Hrdina,R"]
[Black "Plesek,J"]
[Result "1-0"]
[WhiteElo "2007"]
[BlackElo "2130"]
[WhiteTeam "2222 SK Polabiny A"]
[BlackTeam "TJ Pankrac"]
[WhiteFideId "339342"]
[BlackFideId "305146"]
[EventDate "2012.10.28"]

1. e4 c6 2. d4 d5 3. exd5 cxd5 4. c4 Nf6 5. Nc3 Nc6 6. Bg5 dxc4 7. d5 Ne5 8. Qd4
h6 9. Bh4 Nd3+ 10. Bxd3 cxd3 11. Qxd3 g5 12. Bg3 Bg7 13. Nf3 O-O 14. O-O b6 15.
Rfe1 Bb7 16. Rad1 Rc8 17. Ne5 Nh5 18. Qf3 Nxg3 19. Qxg3 Rc5 20. Nc6 Bxc6 21.
dxc6 Qe8 22. c7 Bxc3 23. bxc3 e6 24. Re5 Qe7 25. Rxc5 Qxc5 26. Rd8 Qa3 27. Rxf8+
Qxf8 28. Qd3 Kg7 29. Qd8 Qa3 30. Qd4+ f6 31. Qd7+ 1-0

[Event "TCh-CZE Div1 Zapad 2012-13"]
[Site "Czech Republic CZE"]
[Date "2012.11.11"]
[Round "2.1"]
[White "Bernasek,J"]
[Black "Sergeev,Vl"]
[Result "1/2-1/2"]
[WhiteTitle "IM"]
[BlackTitle "GM"]
[WhiteElo "2506"]
[BlackElo "2475"]
[WhiteTeam "SK ERA Postovni sporitelna"]
[BlackTeam "JOLY Lysa nad Labem B"]
[WhiteFideId "311995"]
[BlackFideId "14101076"]
[EventDate "2012.10.28"]

1. d4 Nf6 2. c4 c6 3. Nf3 d5 4. e3 Bg4 5. h3 Bxf3 6. Qxf3 e6 7. Nc3 Nbd7 8. Bd2
g6 9. cxd5 Nxd5 10. e4 N5b6 11. O-O-O Bg7 12. Bf4 Qe7 13. Qg3 e5 14. Bg5 f6 15.
Be3 O-O-O 16. Be2 f5 17. exf5 gxf5 18. Bg5 Bf6 19. Bxf6 Qxf6 20. dxe5 Nxe5 21.
Qf4 Nbd7 22. Rd2 Nc5 23. Rhd1 Rxd2 24. Rxd2 Rd8 25. Rxd8+ Kxd8 26. Qd4+ Ned7 27.
Qxf6+ Nxf6 28. Kd2 f4 29. Bd3 Ke7 30. Ne2 Nfe4+ 31. Bxe4 Nxe4+ 32. Ke1 f3 33.
gxf3 Ng5 34. f4 Nf3+ 35. Kf1 Kf6 36. Kg2 Ne1+ 37. Kg3 Nd3 38. b3 Kf5 39. Nd4+
Kf6 40. Ne2 Kf5 41. Nd4+ Kf6 42. Ne2 1/2-1/2

[Event "TCh-CZE Div1 Zapad 2012-13"]
[Site "Czech Republic CZE"]
[Date "2012.11.11"]
[Round "2.2"]
[White "Meduna,E1"]
[Black "Cernousek,L"]
[Result "0-1"]
[WhiteTitle "GM"]
[BlackTitle "IM"]
[WhiteElo "2416"]
[BlackElo "2434"]
[WhiteTeam "JOLY Lysa nad Labem B"]
[BlackTeam "SK ERA Postovni sporitelna"]
[WhiteFideId "300055"]
[BlackFideId "311707"]
[EventDate "2012.10.28"]

1. d4 Nf6 2. c4 g6 3. Nc3 d5 4. Nf3 Bg7 5. Bg5 Ne4 6. Bh4 Nxc3 7. bxc3 dxc4 8.
Qa4+ c6 9. Qxc4 Qa5 10. e3 Na6 11. Be2 Be6 12. Qd3 Nc5 13. Qc2 Bf5 14. Qb2 Nd3+
15. Bxd3 Bxd3 16. Qb4 Qxb4 17. cxb4 a5 18. a3 Kd7 19. Ne5+ Bxe5 20. dxe5 Ke6 21.
Kd2 Rhd8 22. Kc3 c5 23. bxc5 Rac8 24. Rac1 Rxc5+ 25. Kb2 Rb5+ 26. Ka1 Be4 27.
Rhd1 Rxd1 28. Rxd1 Bxg2 29. Bg3 Rb3 30. Rd4 b5 31. a4 b4 32. e4 Ra3+ 33. Kb2
Rxa4 34. f4 Ra3 35. Rc4 Rc3 36. Rd4 Re3 37. Rd2 0-1

[Event "TCh-CZE Div1 Zapad 2012-13"]
[Site "Czech Republic CZE"]
[Date "2012.11.11"]
[Round "2.3"]
[White "Jirka,J"]
[Black "Priehoda,V"]
[Result "1-0"]
[WhiteTitle "IM"]
[BlackTitle "IM"]
[WhiteElo "2411"]
[BlackElo "2414"]
[WhiteTeam "SK ERA Postovni sporitelna"]
[BlackTeam "JOLY Lysa nad Labem B"]
[WhiteFideId "311731"]
[BlackFideId "14900122"]
[EventDate "2012.10.28"]

1. d4 d5 2. Nf3 Nf6 3. g3 e6 4. Bg2 Nbd7 5. c4 Bb4+ 6. Bd2 Be7 7. O-O c6 8. Qc2
b6 9. Bf4 Bb7 10. Nc3 dxc4 11. Nd2 Nd5 12. Nxc4 Nxf4 13. gxf4 O-O 14. f5 exf5
15. Qxf5 Qc7 16. Rfd1 Rad8 17. Rac1 Rfe8 18. e4 g6 19. Qg4 Nf6 20. Qf3 b5 21.
Ne3 Qb6 22. e5 Nh5 23. d5 cxd5 24. Ncxd5 Bxd5 25. Nxd5 Qb8 26. Re1 Bg5 27. Rc7
Rf8 28. Rb7 Qc8 29. Rxa7 Qc5 30. Rb7 Bd2 31. Rd1 Qd4 32. Ne7+ Kh8 33. Nc6 1-0

[Event "TCh-CZE Div1 Zapad 2012-13"]
[Site "Czech Republic CZE"]
[Date "2012.11.11"]
[Round "2.4"]
[White "Spacek,P"]
[Black "Vavra,P1"]
[Result "1-0"]
[WhiteTitle "IM"]
[BlackTitle "IM"]
[WhiteElo "2399"]
[BlackElo "2376"]
[WhiteTeam "JOLY Lysa nad Labem B"]
[BlackTeam "SK ERA Postovni sporitelna"]
[WhiteFideId "300314"]
[BlackFideId "301841"]
[EventDate "2012.10.28"]

1. d4 e6 2. Nf3 c5 3. e3 Qa5+ 4. Nbd2 Nf6 5. c4 d5 6. dxc5 Bxc5 7. Be2 dxc4 8.
Bxc4 O-O 9. O-O Be7 10. Qe2 Nc6 11. e4 Qh5 12. Re1 e5 13. h3 Be6 14. Bxe6 fxe6
15. Qc4 Rad8 16. Nf1 Rd6 17. Ng3 Qg6 18. Nf5 Rd7 19. Qxe6+ Kh8 20. Nxe5 Nxe5 21.
Qxe5 Bb4 22. Rf1 Re8 23. Qg3 Nxe4 24. Qxg6 hxg6 25. Nh4 Nd2 26. Bxd2 Rxd2 27. a3
Bc5 28. b4 Bb6 29. Nf3 Rc2 30. Rad1 Ree2 31. Nd4 Bxd4 32. Rxd4 Rc3 33. a4 Re7
34. Rfd1 Rb3 35. Rc1 Rb2 1-0

[Event "TCh-CZE Div1 Zapad 2012-13"]
[Site "Czech Republic CZE"]
[Date "2012.11.11"]
[Round "2.5"]
[White "Havlikova,K"]
[Black "Suran,J"]
[Result "1/2-1/2"]
[WhiteTitle "WIM"]
[BlackTitle "FM"]
[WhiteElo "2310"]
[BlackElo "2360"]
[WhiteTeam "SK ERA Postovni sporitelna"]
[BlackTeam "JOLY Lysa nad Labem B"]
[WhiteFideId "309672"]
[BlackFideId "305782"]
[EventDate "2012.10.28"]

1. e4 c5 2. Nf3 e6 3. d4 cxd4 4. Nxd4 Nf6 5. Nc3 d6 6. Be2 Be7 7. O-O O-O 8. f4
a6 9. a4 Nc6 10. Kh1 Bd7 11. Nb3 Na5 12. Nxa5 Qxa5 13. Bd2 Qc7 14. Bd3 b5 15.
axb5 axb5 16. Rxa8 Rxa8 17. e5 dxe5 18. Nxb5 Qb7 19. fxe5 Bxb5 20. Bxb5 Qxb5 21.
exf6 Bxf6 22. Qf3 Qd5 23. Qxd5 exd5 24. c3 Ra2 25. Rb1 Kf8 26. Be3 Ke7 27. Kg1
Kd6 28. Kf1 Kc6 29. Ke2 Be5 30. h3 h5 31. Kd3 f6 32. g4 hxg4 33. hxg4 Kb5 34.
Bd2 Ra4 35. Rg1 g5 36. b3 Ra3 37. Rb1 Ra8 38. Rh1 Ra3 39. Rb1 Ra8 40. c4+ dxc4+
41. bxc4+ Kc6 42. Be3 Ra2 43. Ke4 Re2 44. Kf3 Rc2 45. Rb6+ Kc7 46. Rb4 Rh2 47.
Ke4 Re2 48. Rb3 Re1 49. Kd5 Rd1+ 50. Ke6 Re1 51. Kf5 Rf1+ 52. Kg6 Re1 53. Bb6+
Kc6 54. Be3 Re2 55. Kf5 Re1 1/2-1/2

[Event "TCh-CZE Div1 Zapad 2012-13"]
[Site "Czech Republic CZE"]
[Date "2012.11.11"]
[Round "2.6"]
[White "Neckar,L"]
[Black "Rehorek,M"]
[Result "1/2-1/2"]
[WhiteTitle "IM"]
[WhiteElo "2360"]
[BlackElo "2304"]
[WhiteTeam "JOLY Lysa nad Labem B"]
[BlackTeam "SK ERA Postovni sporitelna"]
[WhiteFideId "300705"]
[BlackFideId "303704"]
[EventDate "2012.10.28"]

1. Nf3 Nf6 2. c4 e6 3. g3 d5 4. Bg2 Nc6 5. O-O d4 6. e3 Be7 7. a3 a5 8. exd4
Nxd4 9. Nxd4 Qxd4 10. d3 O-O 11. Qe2 Rd8 12. Rd1 e5 13. Be3 Qd6 14. Nc3 Bg4 15.
Bf3 Bxf3 16. Qxf3 c6 17. d4 exd4 18. Bxd4 Qc7 19. Rd2 Bc5 20. Rad1 Bxd4 21. Rxd4
Rxd4 22. Rxd4 Qe5 23. Qd3 h5 1/2-1/2

[Event "TCh-CZE Div1 Zapad 2012-13"]
[Site "Czech Republic CZE"]
[Date "2012.11.11"]
[Round "2.7"]
[White "Kovar,V"]
[Black "Munk,Pe"]
[Result "1-0"]
[WhiteElo "2263"]
[BlackElo "2240"]
[WhiteTeam "SK ERA Postovni sporitelna"]
[BlackTeam "JOLY Lysa nad Labem B"]
[WhiteFideId "314943"]
[BlackFideId "317799"]
[EventDate "2012.10.28"]

1. d4 Nf6 2. c4 g6 3. g3 Bg7 4. Bg2 d6 5. Nf3 O-O 6. Nc3 Nc6 7. O-O a6 8. Qd3
Nb4 9. Qd2 d5 10. Ne5 Be6 11. Na4 Nc6 12. Nc5 Nxe5 13. dxe5 Ne4 14. Nxe6 fxe6
15. Qe3 Bxe5 16. Rd1 Nxf2 17. Qxe5 Nxd1 18. Bh6 Rf6 19. Rxd1 c6 20. Bh3 Qb6+ 21.
Be3 c5 22. cxd5 Rd8 23. Rd3 Qa5 24. Bxe6+ Kf8 25. Bd2 Qxa2 26. Rf3 Qb1+ 27. Kg2
Ke8 28. Bh6 Qe1 29. Rxf6 exf6 30. Bf7+ Kd7 31. Qe6+ 1-0

[Event "TCh-CZE Div1 Zapad 2012-13"]
[Site "Czech Republic CZE"]
[Date "2012.11.11"]
[Round "2.2"]
[White "Kolago,M"]
[Black "Pribyl,Jo"]
[Result "1/2-1/2"]
[BlackTitle "IM"]
[WhiteElo "2338"]
[BlackElo "2314"]
[WhiteTeam "Sokol Praha - Vrsovice"]
[BlackTeam "SK Holdia DP Praha B"]
[WhiteFideId "1113330"]
[BlackFideId "300187"]
[EventDate "2012.10.28"]

1. e4 c6 2. Nc3 d5 3. Nf3 Bg4 4. h3 Bxf3 5. Qxf3 Nf6 6. d3 e6 7. a3 Nbd7 8. g3
Bc5 9. Bg2 O-O 10. O-O a5 11. Qe2 b5 12. Nb1 Qb6 13. Nd2 a4 14. Nf3 Rfd8 15. Bg5
h6 16. Bd2 Bf8 17. Nh2 c5 18. Ng4 c4 19. exd5 exd5 20. Bb4 Nxg4 21. hxg4 Nf6 22.
Bxf8 Kxf8 23. Rad1 Rac8 24. dxc4 Rxc4 25. Bf3 d4 26. Rd2 Rdc8 27. Rfd1 Kg8 28.
Kg2 Re8 29. Qd3 Re5 30. Re2 Rxe2 1/2-1/2

[Event "TCh-CZE Div1 Zapad 2012-13"]
[Site "Czech Republic CZE"]
[Date "2012.11.11"]
[Round "2.3"]
[White "Kourousis,E"]
[Black "Svatos,J"]
[Result "1-0"]
[WhiteElo "2354"]
[BlackElo "2284"]
[WhiteTeam "SK Holdia DP Praha B"]
[BlackTeam "Sokol Praha - Vrsovice"]
[WhiteFideId "4211626"]
[BlackFideId "304174"]
[EventDate "2012.10.28"]

1. d4 d5 2. c4 c6 3. Nf3 Nf6 4. e3 e6 5. b3 Bb4+ 6. Nbd2 Ne4 7. Bb2 f5 8. Bd3
Nd7 9. a3 Ba5 10. O-O O-O 11. b4 Bc7 12. cxd5 exd5 13. b5 cxb5 14. Bxb5 Ndf6 15.
Ne5 Nxd2 16. Qxd2 Ne4 17. Qe2 Rf6 18. f3 Nd6 19. Bd3 Bd7 20. a4 Qe8 21. Rfc1 Bc6
22. Ba3 Rd8 23. Qc2 Bb8 24. Bxd6 Bxd6 25. f4 g6 26. Qb3 a5 27. Be2 Bb4 28. Bf3
Kg7 29. Ra2 Rdd6 30. Kh1 Rd8 31. Be2 Rdd6 32. h3 Rd8 33. Bd3 Rc8 34. Rcc2 Rd8
35. Kh2 Re6 36. Rc1 Rf6 37. Rg1 Re6 38. Raa1 Rdd6 39. Qd1 Re7 40. Ra2 Rde6 41.
g4 fxg4 42. Rxg4 Rf6 43. Rag2 Bxa4 44. Qg1 Ree6 45. h4 Bb5 46. Bb1 Bd6 47. Rg5
Bxe5 48. dxe5 Rf7 49. h5 Kh8 50. Qd1 Rg7 51. Qd4 h6 52. Rxg6 Rgxg6 53. hxg6 Kg7
54. f5 Rxe5 55. f6+ Kxf6 56. g7 1-0

[Event "TCh-CZE Div1 Zapad 2012-13"]
[Site "Czech Republic CZE"]
[Date "2012.11.11"]
[Round "2.4"]
[White "Matras,On"]
[Black "Michalek,J"]
[Result "1-0"]
[WhiteTitle "FM"]
[BlackTitle "IM"]
[WhiteElo "2260"]
[BlackElo "2308"]
[WhiteTeam "Sokol Praha - Vrsovice"]
[BlackTeam "SK Holdia DP Praha B"]
[WhiteFideId "309125"]
[BlackFideId "303976"]
[EventDate "2012.10.28"]

1. d4 Nf6 2. c4 d6 3. Nc3 Nbd7 4. e4 e5 5. d5 a5 6. Be3 Nc5 7. f3 Be7 8. Qd2 Nh5
9. O-O-O h6 10. g3 a4 11. Nge2 c6 12. Kb1 Qa5 13. Nc1 a3 14. b3 Nf6 15. Nd3 Nxd3
16. Bxd3 Bd7 17. Rc1 Bd8 18. Qf2 cxd5 19. Nxd5 Nxd5 20. cxd5 O-O 21. g4 Bb5 22.
Bxb5 Qxb5 23. Rc4 Ra6 24. Rhc1 Ba5 25. h4 Kh7 26. h5 Bd8 27. Qd2 Ba5 28. Qc2
Raa8 29. Qf2 Ra6 30. Bd2 Bb6 31. Be3 Ba5 32. R1c2 Bd8 33. Qe2 Qd7 34. Rc8 Re8
35. Rb8 Ba5 36. Rxe8 Qxe8 37. Qc4 Ra8 38. Bc1 Bb6 39. Qb4 Qd8 40. Rc4 Bc5 41.
Qxb7 Ra7 42. Qb5 Ra5 43. Qc6 Qb8 44. Ra4 Rb5 45. Kc2 Rb7 46. Ra6 Rc7 47. Ra8
Qxa8 48. Qxa8 Be3+ 49. Qc6 1-0

[Event "TCh-CZE Div1 Zapad 2012-13"]
[Site "Czech Republic CZE"]
[Date "2012.11.11"]
[Round "2.5"]
[White "Freisler,P"]
[Black "Seleljo,D"]
[Result "1-0"]
[WhiteTitle "IM"]
[BlackTitle "FM"]
[WhiteElo "2313"]
[BlackElo "2252"]
[WhiteTeam "SK Holdia DP Praha B"]
[BlackTeam "Sokol Praha - Vrsovice"]
[WhiteFideId "301477"]
[BlackFideId "308838"]
[EventDate "2012.10.28"]

1. Nf3 d6 2. d4 Bg4 3. e4 Nf6 4. Nc3 e6 5. Be2 Be7 6. h3 Bh5 7. Bf4 c6 8. e5 Nd5
9. Nxd5 cxd5 10. O-O Nc6 11. c4 O-O 12. cxd5 exd5 13. Re1 dxe5 14. Nxe5 Bxe2 15.
Rxe2 Re8 16. Rc1 Bf6 17. Qa4 Bxe5 18. dxe5 Qd7 19. Rd1 Red8 20. Red2 Qe6 21. Qb5
d4 22. Qxb7 Rab8 23. Qa6 Rb6 24. Qa3 Rdb8 25. b3 h6 26. Qd6 g5 27. Bg3 Rd8 28.
Qxe6 fxe6 29. f4 gxf4 30. Bxf4 Rd5 31. Kf2 Ra6 32. Kf3 Kg7 33. Ke4 Rc5 34. a4
Rb6 35. Rd3 Rb4 36. Rc1 Rc3 37. Bd2 Rxd3 38. Kxd3 Rxb3+ 39. Ke4 Rb6 40. a5 Ra6
41. Rc5 h5 42. g4 hxg4 43. hxg4 Kg6 44. Kd3 Ne7 45. Kxd4 Rc6 46. Kc4 a6 47. Bc1 1-0

[Event "TCh-CZE Div1 Zapad 2012-13"]
[Site "Czech Republic CZE"]
[Date "2012.11.11"]
[Round "2.7"]
[White "Cesal,J"]
[Black "Markovic,Milan CZE"]
[Result "1-0"]
[WhiteTitle "FM"]
[WhiteElo "2199"]
[BlackElo "2194"]
[WhiteTeam "SK Holdia DP Praha B"]
[BlackTeam "Sokol Praha - Vrsovice"]
[WhiteFideId "300900"]
[BlackFideId "305103"]
[EventDate "2012.10.28"]

1. d4 Nc6 2. Nf3 d6 3. Bf4 Bg4 4. Nbd2 e6 5. h3 Bh5 6. c4 Nf6 7. Qb3 Qd7 8. d5
Nd8 9. e4 Bxf3 10. gxf3 e5 11. Be3 Be7 12. f4 exf4 13. Bxf4 Nh5 14. Be3 f5 15.
exf5 Qxf5 16. Bd3 Qf7 17. Qc2 g6 18. O-O-O Ng7 19. Rhg1 Nf5 20. Bxf5 Qxf5 21.
Qxf5 gxf5 22. Rde1 Kf7 23. Nf3 c5 24. Bh6 Bf8 25. Ng5+ 1-0

[Event "TCh-CZE Div1 Zapad 2012-13"]
[Site "Czech Republic CZE"]
[Date "2012.11.11"]
[Round "2.8"]
[White "Erban,T"]
[Black "Rous,D"]
[Result "1-0"]
[WhiteElo "2142"]
[BlackElo "2056"]
[WhiteTeam "Sokol Praha - Vrsovice"]
[BlackTeam "SK Holdia DP Praha B"]
[WhiteFideId "316040"]
[BlackFideId "338150"]
[EventDate "2012.10.28"]

1. d4 Nf6 2. Nf3 g6 3. g3 Bg7 4. Bg2 O-O 5. O-O d5 6. c4 dxc4 7. Na3 Nbd7 8.
Nxc4 Nb6 9. Nce5 c6 10. a4 a5 11. Bd2 Ne4 12. Bc3 Be6 13. Qc2 Nxc3 14. bxc3 Nc4
15. Nd3 Bd5 16. Nf4 Nd6 17. Rfe1 Be4 18. Qb3 b5 19. Ne5 Bxg2 20. Kxg2 Qc7 21.
Nfd3 Rfb8 22. h4 e6 23. h5 Ne4 24. hxg6 hxg6 25. f3 Nf6 26. Nc5 Nd5 27. f4 bxa4
28. Qa3 Ne3+ 29. Kf2 Nc2 30. Qxa4 Nxa1 31. Rxa1 Bxe5 32. fxe5 Kg7 33. Qc4 Qe7
34. Ne4 Qb7 35. Qd3 Rh8 36. Rb1 Qe7 37. Qc4 c5 38. dxc5 Qc7 39. Nd6 Rab8 40. Rf1
Qc6 41. Ke3 Rhf8 42. Ra1 Ra8 43. Ra4 Rh8 44. Kd3 Rh3 45. e3 Rh1 46. Qe4 Rd1+ 47.
Kc2 Qxe4+ 48. Rxe4 Rd5 49. c6 Rc5 50. Rc4 Rxc4 51. Nxc4 Ra6 52. c7 Rc6 53. Nd6 1-0

[Event "TCh-CZE Div1 Zapad 2012-13"]
[Site "Czech Republic CZE"]
[Date "2012.11.11"]
[Round "2.1"]
[White "Kulhanek,T"]
[Black "Simek,P2"]
[Result "1-0"]
[WhiteTitle "IM"]
[BlackTitle "FM"]
[WhiteElo "2387"]
[BlackElo "2347"]
[WhiteTeam "1. Novoborsky SK B"]
[BlackTeam "TJ Sokol Praha - Kobylisy"]
[WhiteFideId "309656"]
[BlackFideId "319260"]
[EventDate "2012.10.28"]

1. e4 e5 2. Nf3 Nc6 3. Bb5 a6 4. Ba4 Nf6 5. Nc3 b5 6. Bb3 Bc5 7. d3 d6 8. Nd5 h6
9. c3 Be6 10. O-O Bxd5 11. exd5 Ne7 12. d4 exd4 13. Nxd4 Qd7 14. a4 O-O 15. Qd3
Rab8 16. axb5 axb5 17. Ra5 Bb6 18. Ra1 Bc5 19. h3 Nexd5 20. Bxh6 Bxd4 21. Qxd4
gxh6 22. Bxd5 Nxd5 23. Qxd5 Rfe8 24. Ra7 Re6 25. Qf5 Rbe8 26. Kh2 Qc6 27. Rd1
Re5 28. Qf4 R8e6 29. Rd3 Rg6 30. Rf3 Re7 31. Qf5 Kg7 32. Qc8 Qd7 33. Qb8 Rf6 34.
Rg3+ Rg6 35. Ra8 Rxg3 36. fxg3 Qf5 37. Qh8+ 1-0

[Event "TCh-CZE Div1 Zapad 2012-13"]
[Site "Czech Republic CZE"]
[Date "2012.11.11"]
[Round "2.3"]
[White "Kochetkova,J"]
[Black "Jancarik,J"]
[Result "1-0"]
[WhiteTitle "WGM"]
[WhiteElo "2304"]
[BlackElo "2242"]
[WhiteTeam "1. Novoborsky SK B"]
[BlackTeam "TJ Sokol Praha - Kobylisy"]
[WhiteFideId "4139690"]
[BlackFideId "331996"]
[EventDate "2012.10.28"]

1. e4 c5 2. Nf3 d6 3. Nc3 Nc6 4. Bb5 Bd7 5. Bxc6 Bxc6 6. d4 cxd4 7. Qxd4 Nf6 8.
Bg5 e6 9. O-O-O Be7 10. Qd3 O-O 11. Nd4 Rc8 12. f4 Qa5 13. h4 a6 14. Kb1 Rfe8
15. f5 Qe5 16. Nf3 Qa5 17. fxe6 fxe6 18. Rhe1 b5 19. e5 dxe5 20. Nxe5 Bxg2 21.
Qg3 b4 22. Bh6 Bf8 23. Nd7 Nh5 24. Qxg2 bxc3 25. Re5 Qb4 26. b3 Nf4 27. Bxf4
Qxf4 28. Rf1 Qb4 29. Nf6+ Kh8 30. Rh5 gxf6 31. Rxh7+ Kxh7 32. Rg1 1-0

[Event "TCh-CZE Div1 Zapad 2012-13"]
[Site "Czech Republic CZE"]
[Date "2012.11.11"]
[Round "2.4"]
[White "Kopta,P"]
[Black "Kucera,P1"]
[Result "1-0"]
[BlackTitle "FM"]
[WhiteElo "2303"]
[BlackElo "2379"]
[WhiteTeam "TJ Sokol Praha - Kobylisy"]
[BlackTeam "1. Novoborsky SK B"]
[WhiteFideId "309109"]
[BlackFideId "300551"]
[EventDate "2012.10.28"]

1. d4 Nf6 2. c4 e6 3. Nc3 c5 4. d5 exd5 5. cxd5 d6 6. Nf3 g6 7. Bg5 h6 8. Bh4
Bg7 9. e3 O-O 10. Bd3 a6 11. a4 Bg4 12. O-O Nbd7 13. Be2 Bxf3 14. Bxf3 Re8 15.
Bg3 Qc7 16. a5 Rab8 17. Qc2 Ne5 18. Be2 Re7 19. h3 Rbe8 20. Ra4 Nh7 21. e4 g5
22. Nd1 Nf8 23. Ne3 Nfg6 24. Nf5 Qd8 25. Nxe7+ Rxe7 26. Rc1 Rc7 27. Ra3 Qf6 28.
Bf1 Nf4 29. Rb3 h5 30. Qd1 c4 31. Rb6 h4 32. Bh2 Ned3 33. Bxd3 Nxd3 34. Rc2 Ne5
35. Kh1 Qe7 36. Qe2 Rc5 37. b4 Rc7 38. b5 axb5 39. Rxb5 c3 40. Rb3 Nc4 41. Rbxc3
Bxc3 42. Rxc3 Nxa5 43. Qc2 Rxc3 44. Qxc3 b6 45. Qb4 Nb7 46. Qxb6 f6 47. f3 Kg7
48. Qa7 Kf7 49. Qb8 Kg7 50. Qc8 Nd8 51. Qc4 Nf7 52. Qc6 Ne5 53. Qb6 Nf7 54. Qb1
Qc7 55. Qe1 Qc2 56. f4 Qb2 57. fxg5 fxg5 58. Qf1 Qd4 59. Qf5 Qa1+ 60. Bg1 Qc3
61. Bf2 Qd2 62. Qf3 Qc1+ 63. Kh2 Qb2 64. Qe3 Qf6 65. Be1 Kg6 66. Bc3 Ne5 67. Kg1
Kh5 68. Qe2+ Kg6 69. Qf2 Qxf2+ 70. Kxf2 Nf7 71. Ke3 Kh5 72. e5 dxe5 73. Ke4 g4
74. Bxe5 gxh3 75. gxh3 Ng5+ 76. Kf5 Nxh3 77. Bf6 1-0

[Event "TCh-CZE Div1 Zapad 2012-13"]
[Site "Czech Republic CZE"]
[Date "2012.11.11"]
[Round "2.6"]
[White "Janda,J"]
[Black "Vaculik,M"]
[Result "1-0"]
[BlackTitle "FM"]
[WhiteElo "2192"]
[BlackElo "2277"]
[WhiteTeam "TJ Sokol Praha - Kobylisy"]
[BlackTeam "1. Novoborsky SK B"]
[WhiteFideId "319678"]
[BlackFideId "310751"]
[EventDate "2012.10.28"]

1. e4 e6 2. d4 d5 3. Nc3 Bb4 4. e5 c5 5. Bd2 Ne7 6. Nb5 Bxd2+ 7. Qxd2 O-O 8. f4
a6 9. Nd6 cxd4 10. Nf3 Nbc6 11. Bd3 f6 12. O-O Bd7 13. Qf2 h6 14. Qg3 b5 15. Nh4
Be8 16. Rae1 Nb4 17. f5 Nxd3 18. cxd3 fxe5 19. Qxe5 Rf6 20. fxe6 Nc6 21. Qxd5
Rxf1+ 22. Rxf1 Nb4 23. Qxd4 Nc2 24. Qf4 Qe7 25. Nxe8 Rxe8 26. Qf7+ Kh7 27. Qg6+
Kh8 28. Nf5 Qa7+ 29. Kh1 Rf8 30. Rc1 Rf6 31. e7 1-0

[Event "TCh-CZE Div1 Zapad 2012-13"]
[Site "Czech Republic CZE"]
[Date "2012.11.11"]
[Round "2.2"]
[White "Cifka,S"]
[Black "Rasik,V"]
[Result "0-1"]
[WhiteTitle "FM"]
[BlackTitle "IM"]
[WhiteElo "2409"]
[BlackElo "2516"]
[WhiteTeam "QCC Ceske Budejovice"]
[BlackTeam "SK AD Jicin"]
[WhiteFideId "317349"]
[BlackFideId "300306"]
[EventDate "2012.10.28"]

1. d4 d6 2. c4 Nf6 3. Nc3 g6 4. e4 Bg7 5. f3 c5 6. Nge2 O-O 7. Be3 Nbd7 8. Qd2
a6 9. Nc1 e6 10. Be2 b6 11. O-O Bb7 12. Nb3 Re8 13. Rfd1 Qc7 14. Bf1 Rac8 15.
Rac1 Qb8 16. Qf2 d5 17. cxd5 exd5 18. e5 cxd4 19. Bxd4 Nxe5 20. Bxb6 Bh6 21. Ba7
Qa8 22. Bd4 Bxc1 23. Rxc1 Nfd7 24. Na5 Nc6 25. Nxc6 Bxc6 26. Qd2 Qb7 27. h4 Nf8
28. Qh6 Ne6 29. Bf6 d4 30. Ne2 Bb5 31. Rxc8 Rxc8 32. Nxd4 Bxf1 33. Nxe6 fxe6 34.
Kxf1 Qb5+ 35. Kg1 Qc5+ 36. Kh2 Qc7+ 37. f4 Qf7 38. Bc3 Rc5 39. Be5 Qe7 40. Kh3
Rd5 41. Kg3 Rd3+ 42. Kh2 Rd1 43. Kg3 Qa7 44. f5 exf5 45. Qf4 Qc5 46. Bc3 Qd6 47.
Be5 Qd3+ 48. Kh2 Qe4 0-1

[Event "TCh-CZE Div1 Zapad 2012-13"]
[Site "Czech Republic CZE"]
[Date "2012.11.11"]
[Round "2.3"]
[White "Voloshin,L"]
[Black "Vybiral,Z"]
[Result "1-0"]
[WhiteTitle "GM"]
[WhiteElo "2426"]
[BlackElo "2193"]
[WhiteTeam "SK AD Jicin"]
[BlackTeam "QCC Ceske Budejovice"]
[WhiteFideId "311111"]
[BlackFideId "305200"]
[EventDate "2012.10.28"]

1. d4 d5 2. c4 e5 3. dxe5 d4 4. Nf3 Nc6 5. a3 Nge7 6. b4 Ng6 7. Bb2 a5 8. b5
Ncxe5 9. Qxd4 Qxd4 10. Nxd4 Nxc4 11. Bc3 a4 12. e3 Nd6 13. Be2 Bd7 14. O-O Be7
15. Rc1 O-O 16. Bb4 Rfc8 17. Nc3 c5 18. bxc6 bxc6 19. Bc5 Ra5 20. Na2 Nb5 21.
Nxb5 cxb5 22. Bxe7 Nxe7 23. Rxc8+ Nxc8 24. Rd1 Ra7 25. Bxb5 Nb6 26. Rd6 Rb7 27.
Nb4 g6 28. Ba6 Rb8 29. f3 Kg7 30. e4 Be6 31. Rc6 Nd7 32. Kf2 Ne5 33. Rc5 Nd7 34.
Rc8 Rb6 35. Rc6 Rxc6 36. Nxc6 Nb6 37. Bd3 Bd7 38. Nb4 Kf6 39. Ke3 Ke5 40. f4+
Kd6 41. Kd4 f6 42. Bc4 h6 43. e5+ fxe5+ 44. fxe5+ Kc7 45. Nd5+ Kb7 46. Nxb6 Kxb6
47. Bf7 g5 48. e6 1-0

[Event "TCh-CZE Div1 Zapad 2012-13"]
[Site "Czech Republic CZE"]
[Date "2012.11.11"]
[Round "2.5"]
[White "Fajman,P"]
[Black "Blazek,Ji1"]
[Result "1-0"]
[WhiteElo "2288"]
[BlackElo "2212"]
[WhiteTeam "SK AD Jicin"]
[BlackTeam "QCC Ceske Budejovice"]
[WhiteFideId "309826"]
[BlackFideId "319759"]
[EventDate "2012.10.28"]

1. d4 Nf6 2. c4 c5 3. d5 e6 4. Nc3 exd5 5. cxd5 d6 6. e4 g6 7. f3 Bg7 8. Nge2
O-O 9. Ng3 Nbd7 10. Be2 h5 11. Bg5 Qb6 12. Qd2 Nh7 13. Be3 h4 14. Nf1 a6 15. Qc2
Qd8 16. a4 Qf6 17. Nd2 Ne5 18. O-O Bd7 19. a5 Rfe8 20. Na4 Bb5 21. Nc4 Bxc4 22.
Bxc4 h3 23. Nb6 Rad8 24. Qd2 hxg2 25. Kxg2 Nd7 26. Nxd7 Rxd7 27. Rab1 Re5 28.
Kh1 Qh4 29. Qg2 Rh5 30. Be2 Qd8 31. f4 Rh4 32. Qg3 Qe7 33. Bf3 Bf6 34. Rfc1 Kg7
35. b4 Bd4 36. Bd2 Rc7 37. bxc5 Rxc5 38. Rxc5 dxc5 39. d6 Qd8 40. e5 Nf8 41.
Rxb7 1-0